[Event "Premiers Flocons"]
[Site "Gatineau"]
[Date "2018.12.04"]
[Round "2"]
[White "Azar Sebastien"]
[Black "Laurin Marcel"]
[Result "1-0"]
[BlackElo "1644"]
[EventDate "2018.12.04"]
[WhiteElo "1772"]

1.e4 b6 2.d4 Bb7 3.Nc3 e6 4.Nf3 Bb4 5.Bd3 h6 6.Bd2 d6 7.a3 Bxc3 8.Bxc3 Nd7 9.Qe2 Ne7 10.Bd2 a6 11.c4 g5 12.h3 Ng6 13.g3 c5 14.d5 e5 15.O-O Bc8 16.Ne1 Nf6 17.Kh2 Qd7 18.Rh1 Qxh3+ 19.Kg1 Qd7 20.b4 Bb7 21.bxc5 bxc5 22.Ng2 Ke7 23.Ne3 Rag8 24.Nf5+ Ke8 25.Nxh6 Rg7 26.Bxg5 Nf4 27.Bxf4 exf4 28.Nf5 Rxh1+ 29.Kxh1 fxg3 30.Nxg7+ Kd8 31.Nf5 Qe8 32.fxg3 Qh8+ 33.Kg2 Bc8 34.Rh1 1-0

[Event "Premiers Flocons"]
[Site "Gatineau"]
[Date "2018.12.04"]
[Round "2"]
[White "Danilov Alex"]
[Black "Latreille Etienne"]
[Result "0-1"]
[BlackElo "1630"]
[EventDate "2018.12.04"]
[WhiteElo "1653"]

1.Nf3 d5 2.c4 e6 3.d4 Nf6 4.g3 b6 5.Bg2 Bb7 6.O-O Bd6 7.cxd5 exd5 8.Nc3 O-O 9.Nb5 c6 10.Nxd6 Qxd6 11.Bf4 Qb4 12.Qc2 Nbd7 13.a3 Qe7 14.Rfe1 Rfe8 15.Bd2 c5 16.dxc5 Nxc5 17.Nd4 Nfe4 18.Be3 Rac8 19.Rac1 Ba6 20.Qd1 Bb7 21.Bh3 Ne6 22.Rxc8 Rxc8 23.Qa4 Ra8 24.Nf5 Qf6 25.Qd7 N4c5 26.Ne7+ Kf8 27.Bxc5 Nxc5 0-1

[Event "Premiers Flocons"]
[Site "Gatineau"]
[Date "2018.11.27"]
[Round "2"]
[White "Seguin Hubert"]
[Black "Labrie Dany"]
[Result "1-0"]
[BlackElo "1362"]
[EventDate "2018.11.27"]
[WhiteElo "1554"]

1.e4 c5 2.Nc3 d6 3.d3 Nf6 4.g3 g6 5.Bg2 Bg7 6.f4 Qc7 7.Nf3 Nbd7 8.O-O Nb6 9.Be3 O-O 10.h3 Bd7 11.Qd2 a5 12.a4 Nc8 13.e5 Ne8 14.d4 Ra6 15.dxc5 dxc5 16.Nd5 Qc6 17.Nd4 cxd4 18.Nxe7+ Nxe7 19.Bxc6 Bxc6 20.Bxd4 Nc7 21.Bc5 Re8 22.Bxe7 Ne6 23.Bd6 Raa8 24.f5 Nf8 25.f6 Bh8 26.Bxf8 Rxf8 27.Qh6 Rfe8 28.Rae1 Re6 29.Rf4 Rae8 30.Rh4 Bxf6 31.Qxh7+ Kf8 32.Rf4 Bg7 33.Ref1 R8e7 34.Rf6 Be4 35.Rxe6 Rxe6 36.Qh4 Bxe5 37.Qxe4 Re7 38.Re1 Bd4+ 39.Qxd4 Rxe1+ 40.Kf2 Rh1 41.Qc4 Rh2+ 42.Kf3 Rxh3 43.Qc8+ Kg7 44.Qxh3 1-0

[Event "Premiers Flocons"]
[Site "Gatineau"]
[Date "2018.12.04"]
[Round "2"]
[White "Rioux Jocelyn"]
[Black "Desjardins Michel"]
[Result "1/2-1/2"]
[BlackElo "1955"]
[EventDate "2018.12.04"]
[WhiteElo "1673"]

1.e4 d5 2.exd5 Qxd5 3.Nc3 Qd6 4.d4 Nf6 5.Nf3 g6 6.Be3 Bg7 7.Be2 O-O 8.O-O Nc6 9.Qd2 Bf5 10.Bf4 Qd8 11.a3 Ne4 12.Nxe4 Bxe4 13.c3 Na5 14.Rad1 Bd5 15.Ne5 Bb3 16.Rde1 c5 17.Be3 Qc7 18.Bf4 Qd8 19.Be3 Qc7 20.Bf4 Qd8 1/2-1/2

[Event "Premiers Flocons"]
[Site "Gatineau"]
[Date "2018.11.27"]
[Round "2"]
[White "Arcand Pierre"]
[Black "Ethier Valori"]
[Result "1/2-1/2"]
[BlackElo "1410"]
[EventDate "2018.11.27"]
[WhiteElo "1161"]

1.e4 c6 2.Nf3 d5 3.e5 Bf5 4.d4 e6 5.Be2 c5 6.c3 Nd7 7.O-O Qc7 8.h3 h6 9.Bd3 Ne7 10.Bb5 c4 11.Qa4 a6 12.Bxd7+ Qxd7 13.Qxd7+ Kxd7 14.b3 b5 15.Ba3 Nc6 16.Bxf8 Rhxf8 17.Nbd2 a5 18.bxc4 bxc4 19.a4 Rfb8 20.Nb1 Rb2 21.Na3 Rab8 22.Nb5 Ke7 23.Rfd1 Bc2 24.Rd2 Rb1+ 25.Rxb1 Bxb1 26.Rb2 Bf5 27.Nh4 Bh7 28.Rd2 Bd3 29.f4 Rb7 30.Rf2 g6 31.g4 Kf8 32.f5 g5 33.Ng2 exf5 34.gxf5 Ne7 35.f6 Nc8 36.Ne3 Be4 37.Nf5 Bxf5 38.Rxf5 Nb6 39.Nd6 Rd7 40.Kh2 Nxa4 41.h4 Nxc3 42.hxg5 hxg5 43.Rxg5 Ne4 44.Rh5 Kg8 45.Nf5 c3 46.Ne7+ Rxe7 47.fxe7 Nf6 48.Rg5+ Kh7 49.Rg1 Ne8 50.Rc1 f6 51.exf6 Nxf6 52.Rxc3 Kg7 53.Rc5 ( 53.Rf3 $18 Ne8 ( 53...Kf7 54.Rxf6+ ) 54.Rf8 ) 53...Kf7 54.Rxa5 Kxe7 55.Kg2 Ng4 56.Ra6 Ne3+ 57.Kf3 Nf5 58.Kf4 Nxd4 59.Ke5 Nb5 60.Re6+ Kd7 1/2-1/2

[Event "Premiers Flocons"]
[Site "Gatineau"]
[Date "2018.12.04"]
[Round "2"]
[White "Guimond Michel"]
[Black "Jobin Gilles G."]
[Result "1/2-1/2"]
[BlackElo "1767"]
[EventDate "2018.12.04"]
[WhiteElo "1929"]

1.e4 d6 2.d4 Nf6 3.Nc3 e5 4.d5 c6 5.f3 Be7 6.Be3 O-O 7.g4 Ne8 8.Qd2 Bh4+  9.Bf2 Bxf2+ 10.Qxf2 Qb6 11.Qxb6 axb6 12.O-O-O Na6 13.Na4 b5 14.Nb6 Rb8 15.a3  Nc5 16.b3 Nd7 17.Nxc8 Rxc8 18.g5 Ra8 19.Kb2 Nb6 20.dxc6 bxc6 1/2-1/2

[Event "Premiers Flocons"]
[Site "Gatineau"]
[Date "2018.12.04"]
[Round "2"]
[White "Raymond Daniel"]
[Black "Gagnon Fabien"]
[Result "1/2-1/2"]
[BlackElo "1900"]
[EventDate "2018.12.04"]
[WhiteElo "1761"]

1.e4 c5 2.Nf3 Nc6 3.d4 cxd4 4.Nxd4 g6 5.Nc3 Bg7 6.Nb3 Nf6 7.Be2 O-O 8.Bg5 d6  9.O-O Bd7 10.Kh1 Na5 11.f4 Nxb3 12.axb3 Bc6 13.Bf3 Qc7 14.Nd5 Bxd5 15.exd5 b5  16.Qe2 Rfc8 17.c3 Rab8 18.Rfe1 Rb7 19.Bh4 Kf8 20.Ra6 h6 21.Bf2 Qd7 22.Rea1  Rcc7 23.Be3 Kg8 24.h3 h5 25.Qf2 Qf5 26.Qd2 Bh6 27.Bxa7 Bxf4 28.Be3 Bxe3  29.Qxe3 Kg7 30.Qd2 Nd7 31.Qd1 Ne5 32.Be2 Qe4 33.b4 Qe3 34.R6a5 Nc4 35.Bxc4  Rxc4 36.Qe1 Re4 37.Qf1 Rf4 38.Qe1 Qxe1+ 39.Rxe1 Rf2 40.Rb1 Rd2 41.b3 Rxd5  42.c4 Rd4 43.c5 Rxb4 44.c6 Rc7 45.Ra6 Kf6 46.Rb6 d5 1/2-1/2

[Event "Premiers Flocons"]
[Site "Gatineau"]
[Date "2018.12.04"]
[Round "2"]
[White "Cayen Jean-Philippe"]
[Black "Berthiaume Serge"]
[Result "0-1"]
[BlackElo "1432"]
[EventDate "2018.12.04"]
[WhiteElo "1433"]

1.g3 d5 2.e3 Bf5 3.Bg2 e6 4.b3 Nf6 5.Bb2 Nbd7 6.d3 c6 7.Nd2 Bd6 8.Qe2 Qa5  9.c3 Ba3 10.O-O-O Bxb2+ 11.Kxb2 Nc5 12.e4 dxe4 13.Bxe4 Nfxe4 14.dxe4 Qb6  15.b4 a5 16.a3 axb4 17.cxb4 O-O 18.Rc1 Na4+ 19.Kb3 c5 20.Rc4 e5 21.Ngf3 f6  22.Qe3 Qe6 23.bxc5 b5 24.Rc1 bxc4+ 25.Rxc4 Rfb8+ 0-1

[Event "Premiers Flocons"]
[Site "Gatineau"]
[Date "2018.12.04"]
[Round "2"]
[White "Fex John"]
[Black "Kurdji Johnny"]
[Result "0-1"]
[BlackElo "1609"]
[EventDate "2018.12.04"]
[WhiteElo "1354"]

1.e4 e5 2.Nf3 Nc6 3.Bb5 d6 4.Nc3 Bd7 5.Bxc6 Bxc6 6.O-O g5 7.Re1 Qd7 8.h3 Be7  9.Nd5 O-O-O 10.c4 f5 11.exf5 Qxf5 12.g4 Qf7 13.Nxe7+ Nxe7 14.Nh2 Rdf8 15.Re3  Qxf2# 0-1

[Event "Premiers Flocons"]
[Site "Gatineau"]
[Date "2018.12.04"]
[Round "2"]
[White "Piche Guy"]
[Black "Raymond Robert"]
[Result "1-0"]
[BlackElo "1289"]
[EventDate "2018.12.04"]
[WhiteElo "1606"]

1.d4 d5 2.c4 e6 3.Nf3 Nf6 4.Bg5 Be7 5.Nc3 Nbd7 6.e3 c6 7.Bd3 O-O 8.Qc2 h6  9.Bh4 b6 10.Ne5 Bb7 11.cxd5 cxd5 12.Bb5 a6 13.Bd3 b5 14.a3 Ne4 15.Bxe7 Qxe7  16.Nxd7 Qxd7 17.Nxe4 dxe4 18.Bxe4 Bxe4 19.Qxe4 Qd8 20.Rc1 Rc8 21.Ke2 Qd7  22.Rc5 Rxc5 23.dxc5 Qc7 24.Qc2 Qc6 25.f3 Rc8 26.b4 g6 27.Rd1 Qc7 28.g3 h5  29.Qc3 h4 30.f4 hxg3 31.hxg3 Qe7 32.Kf2 Qb7 33.Qe5 Qc7 34.Qf6 Re8 35.Rh1 Kf8  36.Rh8# 1-0

[Event "Premiers Flocons"]
[Site "Gatineau"]
[Date "2018.12.04"]
[Round "2"]
[White "Fang Johnny"]
[Black "Lepine Louis"]
[Result "0-1"]
[BlackElo "1005"]
[EventDate "2018.12.04"]
[WhiteElo "865"]

1.e4 e5 2.Qh5 Qe7 3.Nf3 Nf6 4.Qxe5 Qxe5 5.Nxe5 d6 6.Nd3 Nc6 7.Nc3 Be7 8.g3  O-O 9.Bg2 Be6 10.Nf4 Rad8 11.Nb5 Rd7 12.b3 a6 13.Nc3 Na5 14.Bb2 c6 15.O-O  Rdd8 16.Rfe1 d5 17.Nh3 c5 18.d4 b5 19.Ng5 b4 20.Na4 c4 21.Nxe6 fxe6 22.c3 Nc6  23.Bh3 Rd6 24.Nc5 e5 25.dxe5 Nxe5 26.Nb7 Nf3+ 27.Kh1 Nxe4 28.Rf1 bxc3 29.Ba3  Rh6 30.Nd8 Rxh3 31.Bxe7 Rxh2# 0-1

[Event "Premiers Flocons"]
[Site "Gatineau"]
[Date "2018.12.04"]
[Round "2"]
[White "Sabourin Yves"]
[Black "Fang Zhou"]
[Result "1/2-1/2"]
[BlackElo "1478"]
[EventDate "2018.12.04"]
[WhiteElo "1432"]

1.d4 d5 2.c4 e6 3.Nf3 c6 4.Bf4 Nd7 5.e3 h6 6.Nc3 Ngf6 7.Bd3 Nb6 8.c5 Nbd7  9.h3 b6 10.b4 a5 11.a3 g5 12.Bh2 bxc5 13.bxc5 Rb8 14.Bxb8 Nxb8 15.Ne5 a4  16.O-O h5 17.Qxa4 g4 18.Nxc6 Nxc6 19.Qxc6+ Bd7 20.Qa6 gxh3 21.c6 Bc8 22.Qb5  Nd7 23.cxd7+ Bxd7 24.Qb7 hxg2 25.Nb5 gxf1=Q+ 26.Kxf1 Qa5 27.Qb8+ Ke7 28.Qd6+  Ke8 29.Qb8+ Ke7 30.Qd6+ Ke8 31.Qb8+ Ke7 1/2-1/2

[Event "Premiers Flocons"]
[Site "Gatineau"]
[Date "2018.11.27"]
[Round "1"]
[White "Latreille Etienne"]
[Black "Azar Sebastien"]
[Result "1/2-1/2"]
[BlackElo "1772"]
[EventDate "2018.11.27"]
[WhiteElo "1630"]

1.d4 d5 2.Bf4 e6 3.e3 Bd6 4.Bg3 Nf6 5.Nf3 a6 6.Nbd2 Nc6 7.a3 b6 8.c4 Bb7 9.b4  O-O 10.Bd3 dxc4 11.Bxc4 Qe7 12.O-O b5 13.Bd3 e5 14.dxe5 Nxe5 15.Nxe5 Bxe5  16.Bxe5 Qxe5 17.Nf3 Qd5 18.Qc2 Rac8 19.Bf5 Rce8 20.Rfd1 Qc6 21.Rac1 Qxc2  22.Rxc2 Rd8 23.Rdc1 g6 24.Bh3 Bxf3 25.gxf3 Nd5 26.f4 Rd6 27.Bg2 Rc8 28.Rc6  Rxc6 29.Rxc6 Nb6 30.Bh3 Ra8 31.Rxc7 Nc4 32.a4 Rd8 33.axb5 axb5 34.Bf1 Rd1  35.Kg2 Rc1 36.Rc5 Rc2 37.Kg3 Rc1 38.Bd3 Rc3 39.Be4 Nd6 40.Kf3 Rb3 41.Bc6 Nf5  42.Bxb5 Rxb4 43.Bd7 Nh6 44.f5 Kg7 45.fxg6 1/2-1/2

[Event "Premiers Flocons"]
[Site "Gatineau"]
[Date "2018.11.27"]
[Round "1"]
[White "Jobin Gilles"]
[Black "Piche Guy"]
[Result "1/2-1/2"]
[BlackElo "1606"]
[EventDate "2018.11.27"]
[WhiteElo "1767"]

1.e4 e6 2.b3 d5 3.Bb2 Nf6 4.e5 Ng8 5.d4 c5 6.f4 Nc6 7.Nf3 Bd7 8.c3 cxd4  9.Nxd4 Bc5 10.Nxc6 Bxc6 11.Qg4 g6 12.Bd3 h5 13.Qe2 Nh6 14.b4 Be7 15.Na3 d4  16.Bb5 dxc3 17.Bxc3 Qc7 18.Rc1 Qb6 19.Bxc6+ bxc6 20.Nc4 Qb8 21.Qe4 ( 21.Nd6+  $1 Kf8 22.Qc4 ) 21...O-O 22.Na5 c5 23.Nc6 Qb7 24.Nxe7+ Qxe7 25.bxc5 $2 $10 (  25.O-O ) 25...Qxc5 26.Bd2 Qb6 27.Rc6 Qb7 28.O-O Rac8 29.Rfc1 Rxc6 30.Qxc6 Qb2  31.Qc3 Rb8 32.Rc2 Qb1+ 33.Bc1 Rd8 34.h3 Nf5 35.Rd2 $4 Qb6+ $4  { Échappe le gain : } ( 35...Rxd2 $19 36.Qxd2 Ng3  { Menace Dxc1 qui gagne facilement. } ) 36.Kh2 1/2-1/2

[Event "Premiers Flocons"]
[Site "Gatineau"]
[Date "2018.11.27"]
[Round "1"]
[White "Seguin Hubert"]
[Black "Rioux Jocelyn"]
[Result "0-1"]
[BlackElo "1673"]
[EventDate "2018.11.27"]
[WhiteElo "1554"]

1.e4 e6 2.d4 d5 3.Nc3 Nf6 4.Bg5 dxe4 5.Nxe4 Be7 6.Nxf6+ Bxf6 7.Bxf6 Qxf6  8.Nf3 O-O 9.Be2 c5 10.c3 Rd8 11.Qa4 cxd4 12.cxd4 Nc6 13.Rd1 Bd7 14.Qa3 Be8  15.O-O Nxd4 16.Nxd4 Rxd4 17.Rxd4 Qxd4 18.Rd1 Qb6 19.Rd6 Qc7 20.h3 Bc6 21.Qc5  h6 22.Bf3 Rc8 23.Bxc6 bxc6 24.b4 Qb6 25.Rd7 Qxc5 26.bxc5 Rb8 27.Rc7 Rb2  28.Rxc6 Rxa2 29.Rc8+ Kh7 30.c6 Ra1+ 31.Kh2 Rc1 32.Ra8 Rxc6 33.Rxa7 f6 34.Re7  e5 35.Kg3 Rc4 36.Kf3 Kg8 37.Ke3 Rd4 38.g3 Kf8 39.Rc7 Ra4 40.f3 Ra3+ 41.Kf2  Ra2+ 42.Kg1 Kg8 43.h4 h5 44.g4 hxg4 45.fxg4 Ra4 46.g5 Rxh4 47.g6 Rg4+ 0-1

[Event "Premiers Flocons"]
[Site "Gatineau"]
[Date "2018.11.27"]
[Round "1"]
[White "Pearce Thomas"]
[Black "Cayen Jean-Philippe"]
[Result "0-1"]
[BlackElo "1433"]
[EventDate "2018.11.27"]
[WhiteElo "1508"]

1.d4 g6 2.Nf3 e6 3.e3 Bg7 4.c4 b6 5.Bd3 Bb7 6.Nbd2 d6 7.O-O Ne7 8.Qc2 O-O  9.Re1 Nd7 10.Be4 Qc8 11.Bxb7 Qxb7 12.Ne4 Nf6 13.Ng3 c5 14.e4 cxd4 15.Nxd4  Rac8 16.Qd3 a6 17.Nf3 Rfd8 18.Bg5 Ne8 19.Rad1 Bxb2 20.e5 Qc7 21.Qb3 Bxe5  22.Nxe5 dxe5 23.Rxd8 Qxd8 24.Bxe7 Qxe7 25.Rxe5 Qd6 26.Re1 Qd4 27.Re4 Qc5  28.a4 Nd6 29.Rg4 Nxc4 30.Qc3 Ne5 31.Qxc5 Rxc5 32.Rb4 Rc4 33.Rxb6 Rxa4 34.h3  Nd3 0-1

[Event "Premiers Flocons"]
[Site "Gatineau"]
[Date "2018.11.27"]
[Round "1"]
[White "Labrie Dany"]
[Black "Berthiaume Serge"]
[Result "0-1"]
[BlackElo "1432"]
[EventDate "2018.11.27"]
[WhiteElo "1362"]

{ À venir } 1.d4 d5 2.c4 e6 3.Nf3 Nf6 4.Bg5 Be7 5.Nc3 c6 6.e3 Na6 7.Bd3 Bd7  8.O-O Ng8 9.b3 Bxg5 10.Nxg5 Qxg5 11.f4 Qd8 12.Qe2 Nb4 13.Rf3 Nxd3 14.Qxd3 Nf6  15.Raf1 g6 16.g4 Nxg4 17.Kg2 f5 18.Na4 b6 19.c5 b5 20.Nb2 h5 21.Qe2 h4 22.h3  Nf6 23.Qc2 Ne4 24.Nd3 g5 25.Ne5 g4 26.hxg4 fxg4 27.Nxg4 Qe7 28.Rg1 O-O-O  29.Nf2 Rdg8+ 30.Kf1 Rxg1+ 31.Kxg1 Qg7+ 32.Kf1 Ng3+ 33.Ke1 Be8 34.Nh3 Qg6  35.f5 Nxf5 36.Nf4 Qg1+ 37.Rf1 Qg3+ 38.Ke2 Qxe3+ 39.Kd1 Qxd4+ 40.Kc1 Qa1+  41.Qb1 Qxb1+ 42.Kxb1 Kd7 43.Nd3 h3 44.Ne5+ Kc7 45.Nf3 h2 46.Rh1 Ng3 47.Rxh2  Rxh2 48.Nxh2 e5 49.Kc1 Kd7 50.Kd2 Ke6 51.Nf3 Bh5 52.Ne1 Ne4+ 53.Ke3 Nxc5  54.Nc2 d4+ 55.Nxd4+ exd4+ 56.Kxd4 Kd6 57.Kc3 a5 58.a3 Kd5 59.b4 Na4+ 60.Kb3  Bd1+ 61.Ka2 axb4 62.axb4 Kc4 63.Ka3 Nb6 64.Kb2 Nd5 0-1

[Event "Premiers Flocons"]
[Site "Gatineau"]
[Date "2018.11.27"]
[Round "1"]
[White "Sabourin Yves"]
[Black "Fex John"]
[Result "0-1"]
[BlackElo "1354"]
[EventDate "2018.11.27"]
[WhiteElo "1432"]

{ À venir } 1.e4 e5 2.Nf3 d6 3.Bc4 h6 4.d4 exd4 5.Qxd4 c5 6.Qd5 Qe7 7.Bb5+  Nd7 8.O-O a6 9.Bxd7+ Qxd7 10.Re1 Ne7 11.Qd1 b6 12.Bf4 Ng6 13.Bg3 f6 14.c4 Bb7  15.Nc3 h5 16.h4 Ne5 17.Nxe5 fxe5 18.Nd5 Bxd5 19.Qxd5 Rd8 20.Re3 Be7 21.Rd1  Bf6 22.Red3 Ke7 23.b3 Rh6 24.f4 $18 exf4 25.Bxf4 Rg6 26.Bxd6+ Qxd6 27.Qxd6+  Rxd6 28.Rxd6 Bd4+ 29.R6xd4 cxd4 30.Rxd4 Rg4 31.Kf2 Rxh4 32.Kf3 Rh1 33.Rd2  Rf1+ 34.Kg3 Re1 35.Kf4 Rf1+ 36.Kg5 Re1 37.Kxh5 Rxe4 38.Kg6 Rg4+ 39.Kf5 Rg3  40.Ke4 Rg4+ 41.Kd5 Rg6 42.b4 $4 Rd6+ 0-1

[Event "Premiers Flocons"]
[Site "Gatineau"]
[Date "2018.11.27"]
[Round "1"]
[White "Boutin Michel"]
[Black "Bourbonnais Luc"]
[Result "0-1"]
[BlackElo "1426"]
[EventDate "2018.11.27"]
[WhiteElo "1179"]

{ Commentaires de Luc. } 1.d4 Nf6 2.Nf3 g6 3.c3 Bg7 4.Nbd2 d5 5.e3 O-O 6.Be2  Bf5 7.O-O Nbd7 8.c4 c6 9.cxd5 cxd5 10.b3 Re8 11.Nb1 Ne4 12.Nh4 Nd6 13.Nc3 e5  14.Nxd5 $2 Be4 15.dxe5 $2 Nxe5 $2 16.Nf3 $2  { Au hockey on parle de festival offensif. Dans ce cas-ci, c'est plutôt un  festival offensant! } 16...Nxf3+ 17.Bxf3 Bxa1 18.Bxe4 Nxe4 19.f3 Nc3 20.Nxc3  Bxc3 21.Qc2 Rc8 22.Rd1 Bd2 $2  { J'avais considéré Df6, qui aurait été mieux. } 23.Qb2 $4 Bxe3+ 24.Bxe3  Qxd1+ 25.Kf2 Rc2+ 26.Qxc2 Qxc2+ 0-1

[Event "Premiers Flocons"]
[Site "Gatineau"]
[Date "2018.11.27"]
[Round "1"]
[White "Desjardins Michel"]
[Black "Danilov Alex"]
[Result "1-0"]
[BlackElo "1653"]
[EventDate "2018.11.27"]
[WhiteElo "1955"]

1.e4 c5 2.c3 e6 3.d4 cxd4 4.cxd4 Nf6 5.Nc3 Bb4 6.Bd3 Nc6 7.Nf3 Bxc3+ 8.bxc3  d6 9.O-O Bd7 10.Ba3 Qc7 11.Qb3 O-O 12.e5 Na5 13.Qc2 dxe5 14.Bxf8 e4 15.Bxe4  Rxf8 16.Ne5 Rd8 17.Bd3 Be8 18.Rac1 Nc6 19.Nxc6 Bxc6 20.Qe2 Qf4 21.Qe3 Qd6  22.Qh3 Qf4 23.Rce1 Qd2 24.Re2 Qf4 25.Re3 g6 26.Qg3 Nd5 27.Qxf4 Nxf4 28.Be4  Bb5 29.Rb1 Bc4 30.a4 Nd5 31.Bxd5 Bxd5 32.Ree1 Rc8 33.Rec1 a5 34.Rb5 Rc4  35.Rxa5 Bc6 36.Ra8+ Kg7 37.a5 Ra4 38.Ra7 Bd5 39.f3 Kf6 40.Kf2 h5 41.h4 Ra2+  42.Kg3 Kf5 43.a6 Rb2 44.c4 Bc6 45.c5 f6 46.axb7 Bxb7 47.c6 Bc8 48.Ra8 g5  49.Rxc8 1-0

[Event "Premiers Flocons (45/30)"]
[Site "Gatineau"]
[Date "2018.11.27"]
[Round "1"]
[White "Fang Zhou"]
[Black "Traversy Pierre"]
[Result "0-1"]
[BlackElo "1146"]
[EventDate "2018.11.27"]
[WhiteElo "1478"]

1.e4 d6 2.d4 e6 3.Nf3 g6 4.b3 Bg7 5.Bb2 Nd7 6.g3 e5 7.dxe5 dxe5 8.Nbd2 a6  9.Nc4 f6 10.Bg2 Ne7 11.Qd3 O-O 12.O-O Nc5 13.Qxd8 Rxd8 14.Ba3 b6 15.Rfd1 Be6  16.Ne3 Rd6 17.Nd2 Rad8 18.Ndc4 Rxd1+ 19.Rxd1 Rxd1+ 20.Nxd1 Bxc4 21.bxc4 Nc6  22.Bxc5 bxc5 23.Nc3 Nd4 24.Nd5 c6 25.c3 cxd5 26.cxd4 exd4 27.exd5 Bf8 28.Kf1  Bd6 29.Ke2 Kf7 30.Kd3 f5 31.Kc2 g5 32.h3 Kf6 33.Kb3 Ke5 34.Ka4 Bc7 35.Bf3 h6  36.Bh5 f4 37.gxf4+ Kxf4 38.Be8 Kf3 39.Bd7 Kxf2 40.Bc8 d3 41.Bg4 d2 42.d6 Bxd6  43.Ka5 Ke1 44.Kxa6 d1=Q 45.Bxd1 Kxd1 46.Kb6 h5 47.a4 g4 48.hxg4 hxg4 49.a5 g3  50.a6 g2 51.a7 g1=Q 52.a8=Q Qd4 53.Qa4+ Kd2 54.Qa2+ Ke3 55.Qb3+ Qd3 56.Qb5  Kd4 57.Qc6 Kxc4 58.Qb5+ Kd4 59.Qc6 Qb3+ 60.Ka6 Qb8 61.Ka5 Qa7+ 62.Kb5 Qc7  63.Qf3 Qd7+ 64.Ka6 Qc8+ 65.Kb6 Qc7+ 66.Kb5 c4 67.Qg4+ Kc3 68.Qe4 Qc5+ 69.Ka6  Qa3+ 70.Kb5 Qc5+ 71.Ka6 Bc7 72.Kb7 Qb6+ 73.Kc8 Bb8 74.Kd7 Qd6+ 75.Ke8 Qe5+  76.Qxe5+ Bxe5 77.Kd7 Kd3 78.Ke6 Bh2 79.Kd5 c3 0-1